000 00666nam a22001935i 4500
001 159249
003 ES-MaACL
005 20250810063045.0
008 040830s1900 xxk |||| | eng d
040 _aCAM
_bspa
_cCAM
100 1 _aMcCarthy, Justin,
_d1830-1912
_979526
245 1 2 _aA history of our own times from 1880 to the Diamond Jubilee /
_cby Justin McCarthy.
250 _aA new ed.
260 _aLondon :
_bChatto & Windus,
_c1900 (
_fSpottiswoode anc co.)
300 _aVIII, 409 p. ;
_c19 cm.
651 4 _aGran BretaƱa-
_xHistoria-
_y1837-1901, Victoria.
_9144250
852 _aES-MaACL
_jG-11265
_z-- Enc. tela
999 _c159249
_d159249